000 01952nam0a2200409 4500
001 RU\NLR\bibl\1506384
005 20260406060817.0
021 _aRU
_b2010-18596
_91251
035 _a(nilc)RSL-KNO-004596500
035 _a(NLR Aleph) 001497805
090 _a1788951
_c1788951
100 _a20100316d2009 |||y0rusy50 ca
101 0 _arus
_deng
102 _aRU
105 _ay |||||||||
200 1 _aОбразец рецепции галахической экзегезы Моисея Маймонида в латинской экзегетике XIII в.
_fП. В. Соколов
210 _aМосква
_cГос. ун-т - Высш. шк. экономики
_d2009
215 _a26 с.
_d21
225 1 _aПрепринт
_fГос. ун-т Высш. шк. экономики
_hСерия WP6
_iГуманитарные исследования
_fред.: И.М. Савельева
_vWP6/2009/06
300 _aРез. на англ. яз.
320 _aБиблиогр.: с. 25-26 и в подстроч. прим.
600 0 _aМаймонид, Моисей бен Маймон
_f1135 - 1204
_91508375
_3RU\NLR\auth\66654491
606 1 _aХристианство и иудаизм
_yЕвропейские страны
_zСредние века
_92360069
_3RU\NLR\auth\661409390
610 0 _aГалахическая экзегеза Моисея Маймонида
686 _aЭ36-250.1,0
_2rubbk
686 _aЭ375-4-342.021,0
_2rubbk
686 _aЭ37-34-019.86
700 1 _4070
_8rus
_7ca
_aСоколов
_bП. В.
_cфилософ
_gПавел Валерьевич
_3RU\NLR\auth\7798480
_981406
702 1 _4570
_8rus
_7ca
_aМаймонид
_bМ.
_f1135-1204
_gМоисей
_3RU\NLR\AUTH\7711006
_9120764
801 0 _aRU
_bРГБ
_c20100316
_grcr
801 1 _aRU
_bРГБ
_c20100316
801 2 _aRU
_bNLR
_c20100429
_grcr
942 _cBOOK
980 _aNB